Loading...
| History - American History | 6 | 1 | 0 | 0 | 100 | 16 | 49.86 | 2 | 7 |
| Literature - Euro Lit | 4 | 3 | 0 | 0 | 90 | 19 | 60.00 | 2 | 7 |
| Thought - Philosophy | 2 | 5 | 0 | 1 | 80 | 17 | 65.29 | 3 | 6 |
| Arts - Other Arts | 3 | 3 | 0 | 0 | 75 | 25 | 70.33 | 3 | 6 |
| Beliefs - Religion | 1 | 5 | 0 | 1 | 65 | 65 | 84.17 | 0 | 3 |
| History - World History | 2 | 3 | 1 | 0 | 55 | 52 | 68.20 | 1 | 5 |
| Thought - Social Science | 3 | 2 | 2 | 0 | 55 | 42 | 68.40 | 2 | 5 |
| Arts - Music | 0 | 5 | 0 | 1 | 50 | 91 | 110.00 | 1 | 1 |
| Literature - American Lit | 0 | 5 | 0 | 0 | 50 | 85 | 117.40 | 1 | 2 |
| History - Euro History | 0 | 5 | 1 | 0 | 45 | 63 | 82.40 | 0 | 5 |
| Other - Geo/CE | 3 | 0 | 1 | 0 | 40 | 47 | 58.33 | 0 | 2 |
| History - Other History | 1 | 3 | 1 | 0 | 40 | 47 | 84.25 | 0 | 3 |
| Literature - World Lit | 0 | 4 | 0 | 1 | 40 | 88 | 94.00 | 0 | 2 |
| Arts - Painting | 0 | 4 | 1 | 0 | 35 | 107 | 117.75 | 0 | 3 |
| Literature - British Lit | 1 | 3 | 2 | 0 | 35 | 52 | 97.75 | 0 | 1 |
| Other - Pop Culture | 0 | 4 | 1 | 0 | 35 | 95 | 114.75 | 2 | 4 |
| Beliefs - Mythology | 2 | 1 | 1 | 1 | 35 | 50 | 90.00 | 1 | 2 |
| Other - Other Academic | 1 | 2 | 1 | 0 | 30 | 63 | 82.00 | 0 | 2 |
| Science - Other Science | 0 | 2 | 0 | 0 | 20 | 82 | 99.00 | 0 | 0 |
| Science - Chemistry | 0 | 1 | 0 | 0 | 10 | 68 | 68.00 | 0 | 1 |